Statistics for Plants by Picture

Click here to take the quiz!

General Stats

  • This quiz has been taken 11,692 times
  • The average score is 11 of 18

Answer Stats

Answer% Correct
Maple
96%
Bamboo
93%
Cotton
88%
Water Lily
87%
Clover
83%
Venus Flytrap
79%
Oak
75%
Lavender
74%
Basil
68%
Kelp
56%
Cattail
53%
Baobab
43%
{Joshua} Tree
36%
{Pitcher} Plant
35%
Quaking Aspen
29%
Hops
26%
Queen Ann's Lace
18%
{Banyan} Tree
17%

Score Distribution

Percentile by Number Answered

Percent of People with Each Score

Your Score History

You have not taken this quiz